Literatura latinoamericana y argentina /
Guardado en:
| Autor Principal: | |
|---|---|
| Formato: | Libro |
| Publicado: |
Buenos Aires :
Kapelusz,
2004
|
| Series: | Palabra y poesía
|
| Materias: | |
| Etiquetas: |
Agregar Etiqueta
Sin Etiquetas, Sea el primero en etiquetar este registro!
|
| LEADER | 01313nam a22002655a 4500 | ||
|---|---|---|---|
| 001 | CEM.cems012853 | ||
| 005 | 20080424134050.0 | ||
| 008 | 130507s2004##################000#0#####d | ||
| 003 | CEMS | ||
| 020 | |a 9501324303 | ||
| 082 | 0 | 4 | |a H860.9 |
| 100 | 1 | |a Montes, Alicia Susana | |
| 245 | 1 | 0 | |a Literatura latinoamericana y argentina / |c Alicia Susana Montes |
| 260 | |a Buenos Aires : |b Kapelusz, |c 2004 | ||
| 300 | |a 280 p. | ||
| 490 | 0 | |a Palabra y poesía | |
| 505 | 0 | |a Literatura maya, azteca, inca y guaraní -- Escritos de viajeros y cronistas -- Literatura colonial: manierismo y barroco -- Literatura neoclásica y gauchesca -- Siglos XVIII y XIX -- La literatura del romanticismo -- Siglo XIX -- Realismo y naturalismo -- Siglo XIX y XX -- Siglos XIx y XX. Del modernismo al vanguardismo. Poesía y teatro -- La narrativa latinoamericana desde mediados del siglo XX hasta nuestros días: un final a toda orquesta | |
| 653 | |a Literatura | ||
| 653 | |a Literatura argentina | ||
| 653 | |a Literatura argentina-polimodal | ||
| 653 | |a Literatura argentina-educación secundaria básica | ||
| 653 | |a Literatura latinoamericana | ||
| 653 | |a Literatura latinoamericana-polimodal | ||
| 653 | |a Literatura latinoamericana-educación secundaria básica | ||
| 859 | |a CEMS |b BIB. CEMS - 11 de abril |h H860.9 |i M764 |p 25126.08 |t Ej.1 | ||
